000 00639cam a22002052 4500
001 0000020736
005 20151217152221.0
008 111007s xx 000 0 eng d
020 _a0237287641 :
040 _aKABU
_cKABU
100 1 _aSharman, Margaret.
_@0000053736
245 1 0 _aMan, civilization, and conquest :
_bfrom prehistory to world exploration /
_cMargaret Sharman.
250 _a1st ed.
260 _aLondon :
_bEvans,
_c1972.
300 _avii, 184 p.
650 0 _aCivilization
_xHistory
_yThrough to 1800.
_@0000181281
852 1 _9p620 KES
908 _a111007
950 _@1
999 _c9488
_d9488